| 000 | 00619nam a22002297a 4500 | ||
|---|---|---|---|
| 999 |
_c12687 _d12687 |
||
| 003 | OSt | ||
| 005 | 20210914151429.0 | ||
| 008 | 160215b xxu||||| |||| 00| 0 eng d | ||
| 020 | _a324261063 | ||
| 040 |
_aMMU _beng _cMMU _dMMU |
||
| 050 | _aKF 889.3. A84 2005 | ||
| 100 | _aAshcroft, Janet E. | ||
| 245 |
_aLaw for business/ _cJanet E. Ashcroft. |
||
| 250 | _a15th ed. | ||
| 260 |
_aCanada : _bThomson, _c2005. |
||
| 300 | _axv, 585 p. : | ||
| 500 | _aInclude index | ||
| 500 | _aInclude index | ||
| 650 |
_aBusiness law _955 |
||
| 942 |
_2lcc _cLOAN LOAN _e15th ed. |
||
| 980 | _a^d20120830 12:28:08^okorir | ||